00315nam a22000977a 4500082001200000100001600012245009100028260004100119650002600160700003100186 a200 THE aSANA FATIMA aTH-SOF-1566-Independent Suspension System, Modeling and Analysis of Multi-axle Vehicle aISLAMABADbNUST COLLEGE OF EMEc2018 a MS-MECH-80 MSTHESIS aAdvisor DR. RAJA AMER AZIM